000 00650nam a2200205 i 4500
001 78414
003 ES-MaACL
005 20230906173708.0
007 t|
008 041014s1979 sp ||||1| spa d
100 1 _aHaug, Ulrich.
_962085
245 1 0 _aPsicología del lenguaje y teoría de la comprensión /
_cUlrich Haug ; versión de Francisco Meno Blanco.
260 _aMadrid :
_bGredos,
_c[1979]
300 _a277 p. ;
_c20 cm.
490 1 _aBiblioteca románica hispánica
700 1 _aMeno Blanco, Francisco.
_980374
830 0 _aBiblioteca románica hispánica
_9180746
852 _aES-MaACL
_jA-10655
_bR.99858
999 _c78414
_d78414